World's Most Populous Countries - by Continent - Statistics

General Stats
  • This quiz has been taken 71 times
  • The average score is 43 of 50
Answer Stats
pop mil Nations % Correct
81 Germany
100%
258 Indonesia
100%
142 Russia
100%
65 United Kingdom
98%
324 United States
98%
23 Australia
97%
1374 China
97%
67 France
97%
1267 India
97%
62 Italy
97%
123 Mexico
97%
206 Brazil
95%
35 Canada
95%
96 Egypt
95%
49 Spain
94%
54 South Africa
92%
18 Chile
91%
31 Malaysia
91%
186 Nigeria
91%
44 Argentina
89%
47 Colombia
89%
83 Iran
89%
202 Pakistan
89%
103 Philippines
89%
39 Poland
89%
31 Venezuela
89%
102 Ethiopia
88%
68 Thailand
88%
80 Turkey
88%
44 Ukraine
88%
156 Bangladesh
86%
127 Japan
86%
31 Peru
86%
95 Vietnam
86%
81 Congo
84%
57 Burma
81%
40 Algeria
80%
16 Cambodia
78%
38 Iraq
78%
47 Kenya
78%
16 Ecuador
77%
51 South Korea
75%
7 Papua New Guinea
73%
21 Romania
72%
37 Sudan
72%
52 Tanzania
72%
38 Uganda
69%
33 Afghanistan
67%
6 Singapore
63%
514 European Union
48%
No matching quizzes found
Score Distribution
Percent of People with Each Score
Percentile by Number Answered
Your Score History
You have not taken this quiz